000 00344nam a2200133 i 4500
001 bg
100 1 _aMARMYŁO, Adam
245 0 _aMechanika :
_bteksty techn. do nauczania języka rosyjskiego /
_cAdam Marmyło.
260 _aCzęstochowa,
_c1974.
040 _cBPK
041 _apol
942 _cKS
008 s pl f |000 0 pol
999 _c16441
_d16441
856 _uhttp://koha.tu.koszalin.pl/cgi-bin/koha/opac-detail.pl?biblionumber=16441
_yKatalog online BPK